Antología de la poesía española en la Edad Media (Record no. 24817)

MARC details
000 -LEADER
campo de control de longitud fija 00670nam a2200205 i 4500
001 - NÚMERO DE CONTROL
campo de control 24817
003 - IDENTIFICADOR DE NÚMERO DE CONTROL
campo de control ES-MaACL
005 - FECHA Y HORA DE LA ÚLTIMA TRANSACCIÓN
campo de control 20230906153133.0
007 - CAMPO FIJO DE DESCRIPCIÓN FÍSICA--INFORMACIÓN GENERAL
campo de control de longitud fija t|
008 - DATOS DE LONGITUD FIJA--INFORMACIÓN GENERAL
campo de control de longitud fija 021219s1948 sp |||| | spa d
245 00 - MENCIÓN DEL TÍTULO
Título Antología de la poesía española en la Edad Media
Resto del título : castellana, catalana y gallega /
Mención de responsabilidad, etc. Luis Landínez.
260 ## - PUBLICACIÓN, DISTRIBUCIÓN, ETC.
Lugar de publicación, distribución, etc. [Barcelona :
Nombre del editor, distribuidor, etc. Iberia,
Fecha de publicación, distribución, etc. 1948] (
Fabricante Agustín Núñez)
300 ## - DESCRIPCIÓN FÍSICA
Extensión 178 p. ;
Dimensiones 19 cm.
490 1# - MENCIÓN DE SERIE
Mención de serie Colección obras maestras
650 #4 - PUNTO DE ACCESO ADICIONAL DE MATERIA--TÉRMINO DE MATERIA
Término de materia o nombre geográfico como elemento de entrada Poesías españolas-
Subdivisión cronológica Hasta S.XV.
9 (RLIN) 152332
700 1# - ENTRADA AGREGADA--NOMBRE PERSONAL
Nombre de persona Landínez, Luis.
9 (RLIN) 69957
830 0# - PUNTO DE ACCESO ADICIONAL DE SERIE-TÍTULO UNIFORME
Título uniforme Colección obras maestras
9 (RLIN) 180938
852 ## - LOCALIZACIÓN
Ubicación ES-MaACL
Número de control de estantería E-1164
Holdings
Estatus retirado Estado de pérdida Estado de daño No para préstamo Biblioteca de origen Biblioteca actual Ubicación en estantería Fecha de adquisición Fuente de adquisición Total de préstamos Signatura topográfica completa Código de barras Visto por última vez Precio de reemplazo Tipo de ítem Koha
        Biblioteca del Ateneo de Madrid Biblioteca del Ateneo de Madrid Depósito 2 17/01/2008     E-1164 1025586 23/02/2023 23/02/2023 Libro impreso